000 004440000a22001690004500
003 MACL
005 20160101160243.0
008 160101b xxu||||| |||| 00| 0 eng d
040 _aMACL
_cMACL
041 _aEnglish
082 _a350/GLA
100 _aGladden, E N
_926624
245 _aThe Essentials of Public Administration
260 _bStaples Press
_c1953
_aEngland
650 _aPublic Administration
_926625
942 _cBK
_k350/GLA
_2ddc
999 _c34612
_d34612